00305nam a2200109Ia 450000500170000000800410001710000310005824500740008926000120016330000110017565000090018620260328101445.0260328s9999||||xx |||||||||||||| ||und|| aVon Hagen, Victor Wolfgang 4aThe Ancient Sun Kingdoms of the Americas /cVictor Wolfgang Von Hagen bPaladin a351 p. aARTE